| 000 | 00526nam a22002057a 4500 | ||
|---|---|---|---|
| 999 |
_c2050 _d2050 |
||
| 003 | SLTCLib | ||
| 008 | 260625b ce ||||| |||| 00| 0 eng d | ||
| 020 | _a8178086883 | ||
| 041 | _aEnglish | ||
| 080 |
_a621.391 _bOPP |
||
| 100 |
_aOppenheim, Alan V. _91371 |
||
| 245 | _aSignal & Systems | ||
| 250 | _a2nd ed | ||
| 260 |
_aIndia _bPearson Education _c2002 |
||
| 300 | _a957p. | ||
| 650 | 0 |
_92663 _aDigital signal processing |
|
| 650 | 0 |
_91986 _aDigital techniques |
|
| 700 |
_aWillsky, Alan S. _91372 |
||
| 942 |
_2lcc _cMLN |
||
| 945 |
_a3725 _bIshara wickramage _c3725 _dIshara wickramage |
||